Before Columbus : exploration and colonisation from the Mediterranean to the Atlantic 1229-1492
Αποθηκεύτηκε σε:
| Κύριος συγγραφέας: | |
|---|---|
| Μορφή: | Βιβλίο |
| Γλώσσα: | English |
| Δημοσίευση: |
Philadelphia :
University of Pennysylvania Press,
1994
|
| Σειρά: | University of Pennsylvania Middle Ages series
|
| Θέματα: | |
| Ετικέτες: |
Προσθήκη ετικέτας
Δεν υπάρχουν, Καταχωρήστε ετικέτα πρώτοι!
|
MARC
| LEADER | 00000cam a2200000 i 4500 | ||
|---|---|---|---|
| 001 | 1/92049 | ||
| 008 | 991109s1994 eng d | ||
| 020 | |a 0-8122-1412-9 | ||
| 035 | |l 10053878 | ||
| 040 | |a GR-MY-UA |b gre |e aacr | ||
| 041 | 0 | |a eng | |
| 082 | 0 | |a 909.09822 | |
| 100 | 1 | |a Fernandez-Armesto, Felipe. | |
| 245 | 1 | 0 | |a Before Columbus : |b exploration and colonisation from the Mediterranean to the Atlantic 1229-1492 / |c Felipe Fernandez-Armesto |
| 260 | |a Philadelphia : |b University of Pennysylvania Press, |c 1994 | ||
| 300 | |a 283 p. | ||
| 490 | 1 | |a University of Pennsylvania Middle Ages series | |
| 504 | |a Includes bibliographical references and index | ||
| 651 | 0 | |a Mediterranean Region |x History. | |
| 651 | 0 | |a Atlantic Coast (Europe) |x History. | |
| 651 | 0 | |a Atlantic Coast (Africa) |x History. | |
| 830 | 0 | |a University of Pennsylvania Middle Ages series | |
| 852 | |a INST |b LESVOS |e 19991109 |h 909.09822 FER |p 005100022875 |q 005100022875 |t BK |y 0 | ||
| 901 | |a BIBL1-1999-3 | ||
| 909 | |a Λ |b 066963 | ||
| 970 | |a ΚΑΜΑΤΣΟΥ |b ΔΕΣΠΟΙΝΑ |z 1999/11/09 | ||